000 00488nam a2200169 i 4500
001 63823
003 ES-MaACL
005 20230906164958.0
007 t|
008 031217s1970 sp ||||1| spa d
100 1 _aFigueroa y Melgar, Alfonso de.
_950804
245 1 0 _aHidalguía, honor, hispanidad /
_cpor Alfonso Figueroa y Melgar.
260 _aMadrid :
_b[s.n.],
_c1970.
300 _a517 p. ;
_c21 cm.
650 0 4 _aNobleza-
_xEspaña.
_915578
852 _aES-MaACL
_jE-6077
_bR.90490
999 _c63823
_d63823